00283nam a2200097Ia 4500008004100000100003100041245004500072260004200117260000900159999001700168170620s9999 xx 000 0 und d aKumari- Chodavarapu Jalaja 0aMethods of Teaching Education Technology bNew Delhi- Discovery Publishing House c2006 c24449d24449